|
|
|
|
| LEADER |
01447nam a22003737a 4500 |
| 001 |
40392 |
| 003 |
BD-DhAAL |
| 008 |
230228t2003 ii 000 1 ben d |
| 010 |
|
|
|a 2003313103
|
| 020 |
|
|
|a 8177563149
|
| 025 |
|
|
|a I-B-2003-313103; 11
|
| 035 |
|
|
|a (DLC) 2003313103
|
| 037 |
|
|
|b Library of Congress -- New Delhi Overseas Office
|c Rs60.00
|
| 040 |
|
|
|a DLC
|c DLC
|d BD-DhAAL
|
| 042 |
|
|
|a lcode
|
| 050 |
0 |
0 |
|a MLCSA 2003/00804
|a PK1730.28.J789
|
| 082 |
|
|
|a 891.44371
|2 23
|
| 100 |
1 |
|
|a মজুমদার, সমরেশ.
|
| 245 |
1 |
0 |
|a ঠিকানা ভারতবর্ষ /
|c সমরেশ মজুমদার.
|
| 250 |
|
|
|a প্রথম সংস্করণ
|
| 260 |
|
|
|a কলকাতা :
|b আনন্দ,
|c ২০০৩.
|
| 300 |
|
|
|a ১৫৯ পৃষ্ঠা ;
|c ১৯ সে.মি.
|
| 490 |
|
|
|a আনন্দ প্রিয়
|
| 500 |
|
|
|a Novel.
|
| 541 |
|
|
|a Donated By Akbar Ali Khan
|e 40392
|
| 546 |
|
|
|a In Bengali.
|
| 650 |
|
|
|a Bengali fiction.
|
| 650 |
|
|
|a Bengali fiction
|y 21st century.
|9 53757
|
| 650 |
|
|
|a Bengali literature.
|
| 830 |
|
|
|a আনন্দ প্রিয়
|9 53758
|
| 852 |
|
|
|a Ayesha Abed Library
|c Akbar Ali Khan Collection
|
| 942 |
|
|
|2 ddc
|c BK
|
| 999 |
|
|
|c 45539
|d 45539
|
| 952 |
|
|
|0 0
|1 0
|2 ddc
|4 0
|6 891_443710000000000_MAJ
|7 1
|9 73309
|a BRACUL
|b BRACUL
|c AAKC
|d 2023-02-28
|e Donated By Akbar Ali Khan
|g 60.00
|l 0
|o 891.44371 MAJ
|p 3010040392
|r 2023-02-28
|t 1
|w 2023-02-28
|y BK
|